000
00280nam a22001337a 4500
008
170628b xxu||||| |||| 00| 0 eng d
020
_a
9789951001106
041
_a
alb
080
_a
05
100
_a
21
101
_a
GJL
245
_a
GJUHE AMTARE
_c
JASHARI,A
942
_2
udc
_c
BK
999
_c
19381
_d
19381